[Event "Hamburg Robinow op"]
[Site "Hamburg"]
[Date "2005.10.07"]
[Round "7"]
[White "Liau, Kelly"]
[Black "Ernst, Herwarth"]
[Result "0-1"]
[WhiteElo "1505"]
[BlackElo "1766"]
[PlyCount "98"]
[EventDate "2005.10.01"]
[EventType "swiss"]
[EventRounds "9"]
[EventCountry "GER"]
[SourceTitle "CBM 108 Extra"]
[Source "ChessBase"]
[SourceDate "2005.11.04"]
[SourceVersion "1"]
[SourceVersionDate "2005.11.04"]
[SourceQuality "1"]

1. d4 d5 2. c4 e6 3. Nc3 Nf6 4. Bg5 Be7 5. e3 Nbd7 6. Nf3 c6 7. Rc1 h6 8. Bh4 0-0 9. Bd3 dxc4 10. Bxc4 b5 11. Bd3 a6 12. e4 Nxe4 13. Bxe7 Nxc3 14. Rxc3 Qxe7 15. Rxc6 Nf6 16. 0-0 Bb7 17. Rc2 Rfd8 18. Re1 Qd6 19. Rd2 Rac8 20. h3 Qf4 21. Re3 Qd6 22. Re5 Kf8 23. Be2 Ne4 24. Rc2 Rxc2 25. Qxc2 Rc8 26. Qd3 Rc1+ 27. Bf1 Qc6 28. Kh2 f6 29. Qa3+ Kf7 30. d5 exd5 31. Qe7+ Kg8 32. Qd8+ Kh7 33. Re7 Qc8 34. Qxc8 Bxc8 35. Bd3 f5 36. Re5 Nxf2 37. Rxd5 Nxd3 38. Rxd3 Rc2 39. Rd8 Bb7 40. Rd2 Rxd2 41. Nxd2 Kg6 42. Kg3 Kf6 43. Nb3 Bd5 44. Nc5 a5 45. a3 g5 46. Nd7+ Ke6 47. Nc5+ Ke5 48. Nd3+ Kd4 49. Nc1 Ke3 0-1